000 00223nmm a2200085Ia 4500
008 220120s9999||||xx |||||||||||||||||und||
100 _aDigit
245 0 _aGames, gaming clients, gaming software
260 _aNine dot Nine
_c2016
999 _c140007
_d140007